Les départements de France les plus grands en superficie - Statistiques

Statistiques générales
  • Ce quiz a été pris 150 fois
  • Le résultat moyen est 13 sur 20
Statistiques - réponses
Superficie Département % Correct
86 504 Guyane
93%
9 978 Gironde
91%
9 248 Landes
91%
9 070 Dordogne
75%
8 735 Aveyron
70%
7 439 Isère
70%
7 370 Aisne
69%
8765 Côte-d'Or
69%
8 167 Marne
69%
7 964 Puy-de-Dôme
69%
8 580 Saône-et-Loire
65%
7 245 Cher
63%
7 336 Allier
61%
7 642 Pyrénées-Atlantiques
57%
6 886 Loire-Atlantique
54%
7 443 Yonne
54%
7 108 Maine-et-Loire
53%
6 929 Alpes-de-Haute-Provence
50%
6 994 Vienne
50%
6 884 Côtes-d'Armor
44%
Aucun quiz correspondant
Distribution des résultats
% des personnes avec chaque résultat
Percentile par nombre de réponses
Votre historique - résultats
Vous n’avez pas pris ce quiz